| 000 | 00336nam a22001217a 4500 | ||
|---|---|---|---|
| 082 |
_a297.124 _bMOD _cL-31-II,P-16 |
||
| 100 |
_aModudi, Ab ala _951028 |
||
| 245 | _aسنت کی آیینی حیثیت | ||
| 260 |
_aLahore.: _bIslamic Publication, _c1983. |
||
| 500 | _aMCE | ||
| 526 |
_a0 _b0 _c0 _d297_124000000000000_MOD |
||
| 942 |
_2ddc _cBK |
||
| 999 |
_c553765 _d553765 |
||